| 000 | 01209nam a2200361 a 4500 | ||
|---|---|---|---|
| 003 | AR-BaBNM | ||
| 005 | 20251128204412.0 | ||
| 008 | 082120s2002 ||||||||||||||000 | spa|| | ||
| 020 | _a950-03-8782-4 | ||
| 040 | _cAR-BaBNM | ||
| 100 | 1 | _aJiménez de Asúa, Luis | |
| 245 | 0 | 0 |
_aTratado de derecho penal _bel delito, las causas de justificación. 2.4 |
| 250 | _a4ª ed. | ||
| 260 |
_aBuenos Aires _bLosada _c1983 |
||
| 300 | _a825 p. | ||
| 500 | _aDomenico Pisapia ha dicho de esta obra: "más que un tratado, se presenta casi como una enciclopedia". El "Tratado..." incluye un estudio minucioso y novedoso del derecho de las Indias occidentales, y da tratamiento amplio a la historia del derecho argenti | ||
| 650 | 4 | _aDERECHO PENAL | |
| 650 | 4 | _aDERECHO CODIFICADO | |
| 650 | 4 | _aFILOSOFIA DEL DERECHO | |
| 650 | 4 | _aHISTORIA DEL DERECHO | |
| 650 | 4 | _aDERECHO PUBLICO | |
| 650 | 4 | _aADMINISTRACION DE JUSTICIA | |
| 650 | 4 | _aCASTIGO | |
| 650 | 4 | _aCRIMINOLOGIA | |
| 650 | 4 | _aDELITOS | |
| 650 | 4 | _aDERECHO PENAL INTERNACIONAL | |
| 650 | 4 | _aJURISDICCION PENAL | |
| 650 | 4 | _aJUSTICIA PENAL | |
| 650 | 4 | _aLEGISLACION ARGENTINA | |
| 651 | 4 | _aArgentina | |
| 942 | _cBK | ||
| 998 | _cHector | ||
| 999 |
_c7322 _d7322 |
||